The Outsiders A-Z - Statistics

General Stats
  • This quiz has been taken 254 times
    220 since last reset
  • The average score is 18 of 26
Answer Stats
Answer % Correct
B What color was the Soc mustang? blue
97%
C What did Cherry refuse to drink from Dally? Coke
95%
G What color eyes does Ponyboy hate? green
95%
E What side of town is greaser territory? east
94%
D Who has the nickname Superman? Darrel
93%
K What did Johnny do to Bob? killed
90%
P Whose perspective is the story told in? Ponyboy
90%
T Who is the wisecracker of the greasers? Two-Bit
87%
F How much money did Dally give Pony and Johnny? fifty dollars
86%
O What is the name of the novel? Outsiders
86%
R Who is Bob's best friend? Randy
84%
Z How many people died in the rumble? zero
82%
S Who got pregnant in the book? Sandy
80%
M What's the name of Soda's horse? Mickey Mouse
79%
X What did Ponyboy get at the hospital to determine his injuries? x-ray
76%
Q Ponyboy and Johnny are both very _____. quiet
75%
L Where did Pony fall asleep one night? lot
67%
N Ponyboy enjoyed this actor in the movie he went to see. (Paul) Newman
65%
U Johnny wouldn't go to prison because he's _____. under age
54%
I Darry's eyes are blue-green _____. ice
44%
H What did Pony call Shepard's gang and the Brumly Goys? hoodlums
42%
W What did they call cigarettes? weed
40%
J Who stayed with Ponyboy at the hospital? Jerry Wood
37%
Y What does Darry constantly tell Pony? You don't think enough.
22%
A How did Cherry feel about falling for Dally? afraid
15%
V Steve called greasers "_____ of the environment". victims
12%
No matching quizzes found
Score Distribution
Percent of People with Each Score
Percentile by Number Answered
Your Score History
You have not taken this quiz since the last reset